[Event "Chernivtsi Open-2016"]
[Site "Chernivtsi"]
[Date "2016.07.21"]
[Round "4.5"]
[White "Cherepov, Alexej"]
[Black "Vershigora, Yury"]
[Result "0-1"]
[WhiteElo "2165"]
[BlackElo "1931"]
[PlyCount "50"]
[EventDate "2016.07.19"]
[EventType "swiss"]
[EventRounds "9"]
[EventCountry "UKR"]

1. d4 Nf6 2. c4 e6 3. Nf3 d5 4. g3 c6 5. Bg2 Nbd7 6. Qc2 Be7 7. O-O O-O 8. Rd1
b6 9. b3 Ba6 10. Nbd2 c5 11. e4 dxc4 12. bxc4 cxd4 13. e5 Ng4 14. Qe4 h5 15. h3
Nc5 16. Qxd4 Nh6 17. Bb2 Qc7 18. Qe3 Rad8 19. Bf1 Nf5 20. Qc3 Bb7 21. Be2 Qc6
22. Nf1 Qe4 23. Ne3 Nxg3 24. fxg3 Na4 25. Qb3 Nxb2 0-1

[Event "Chernivtsi Open-2016"]
[Site "Chernivtsi"]
[Date "2016.07.21"]
[Round "4.6"]
[White "Vinogradnik, Vladimir"]
[Black "Mintenko, Heorhiy"]
[Result "1-0"]
[WhiteElo "2153"]
[BlackElo "1924"]
[PlyCount "109"]
[EventDate "2016.07.19"]
[EventType "swiss"]
[EventRounds "9"]
[EventCountry "UKR"]

1. e4 c6 2. d4 d5 3. f3 dxe4 4. fxe4 e5 5. Nf3 Nf6 6. Bc4 Be6 7. Bxe6 fxe6 8.
O-O exd4 9. e5 Ne4 10. Qd3 Qd5 11. Re1 Nc5 12. Qxd4 Qxd4+ 13. Nxd4 a5 14. Bg5
Be7 15. Bxe7 Kxe7 16. Nd2 Rd8 17. N2f3 Nba6 18. Re2 Nb4 19. a3 Nd5 20. g3 Nb6
21. Rf1 a4 22. c3 Rf8 23. Ref2 Ne4 24. Re2 Nc5 25. Rb1 Nc4 26. Ng5 h6 27. Nh3
g5 28. Nf2 Rf7 29. Ng4 h5 30. Nf2 g4 31. h3 gxh3 32. Nxh3 Rg8 33. Kh2 Rfg7 34.
Rg1 Nd3 35. Rgg2 Ndxe5 36. Nf4 h4 37. Nfxe6 hxg3+ 38. Kg1 Rf7 39. Nc5 Kd6 40.
Ne4+ Kc7 41. Nxg3 Nd3 42. b3 Nc1 43. bxc4 Nxe2+ 44. Ngxe2 Rxg2+ 45. Kxg2 Kd6
46. Nf3 Re7 47. Kf2 Kc5 48. Nd2 Rd7 49. Ke3 Rxd2 50. Kxd2 Kxc4 51. Kc2 b5 52.
Nf4 c5 53. Nd3 b4 54. axb4 cxb4 55. Nxb4 1-0

[Event "Chernivtsi Open-2016"]
[Site "Chernivtsi"]
[Date "2016.07.21"]
[Round "4.7"]
[White "Lukyanov, Mikhail"]
[Black "Roenko, Artur"]
[Result "0-1"]
[WhiteElo "1859"]
[BlackElo "2123"]
[PlyCount "122"]
[EventDate "2016.07.19"]
[EventType "swiss"]
[EventRounds "9"]
[EventCountry "UKR"]

1. d4 d5 2. Nf3 e6 3. e3 Nf6 4. Bd3 c5 5. b3 cxd4 6. exd4 Nc6 7. Bb2 Bd7 8. a3
Rc8 9. Nbd2 Bd6 10. O-O Ne7 11. Ne5 O-O 12. Qe2 Qc7 13. f4 Qb6 14. Kh1 a6 15.
Rf3 Bb5 16. c4 dxc4 17. bxc4 Bc6 18. Nxc6 Nxc6 19. Nb3 Qd8 20. c5 Bb8 21. Raf1
Ne7 22. Rh3 h6 23. Nd2 Ned5 24. g3 b5 25. Ne4 Nxe4 26. Bxe4 f5 27. Bc2 Qd7 28.
Bc1 Nf6 29. Bb3 Rce8 30. Re1 Qxd4 31. Bxe6+ Kh8 32. Qe3 Qxe3 33. Rxe3 Ng4 34.
Re2 Rf6 35. Bc4 Rxe2 36. Bxe2 Re6 37. Bxg4 fxg4 38. Rh4 Re1+ 39. Kg2 Rxc1 40.
Rxg4 Kh7 41. f5 Rxc5 42. Rg6 a5 43. Ra6 a4 44. f6 gxf6 45. Rxf6 Be5 46. Rf5 Kg6
47. g4 Bd6 48. Rf1 Rc2+ 49. Kf3 Rxh2 50. Rb1 Rh3+ 51. Ke4 Rb3 52. Rd1 Bxa3 53.
Rd8 Bb2 54. Rg8+ Kf7 55. Ra8 a3 56. Ra7+ Kg6 57. Kf4 Rb4+ 58. Kg3 Ra4 59. Rb7
a2 60. Rxb5 a1=Q 61. Rb6+ Bf6 0-1

[Event "Chernivtsi Open-2016"]
[Site "Chernivtsi"]
[Date "2016.07.21"]
[Round "4.9"]
[White "Kyrychenko, Mykola"]
[Black "Prydun, Andriy"]
[Result "1-0"]
[WhiteElo "2040"]
[BlackElo "1876"]
[PlyCount "145"]
[EventDate "2016.07.19"]
[EventType "swiss"]
[EventRounds "9"]
[EventCountry "UKR"]

1. e4 c6 2. d4 d5 3. e5 Bf5 4. Nf3 e6 5. Be2 Nd7 6. O-O h6 7. c3 Ne7 8. Be3 Bh7
9. Bd3 Bxd3 10. Qxd3 Nf5 11. Nbd2 c5 12. dxc5 Nxe3 13. Qxe3 Bxc5 14. Nd4 O-O
15. f4 Qb6 16. N2b3 g6 17. Rae1 Kh7 18. Rf3 Be7 19. Rh3 f5 20. exf6 Rxf6 21. g4
h5 22. g5 Rf7 23. Qxe6 Qxe6 24. Nxe6 Bd6 25. Rd3 Re8 26. Rxd5 Bxf4 27. Re4 Bc7
28. Nbc5 Bb6 29. Kg2 Nxc5 30. Nxc5 Ref8 31. Re2 Rf4 32. h3 R8f7 33. Ne4 h4 34.
Nf6+ Kg7 35. b3 Rf8 36. c4 Bd4 37. Ng4 R8f7 38. Rd2 Bc3 39. R2d3 Re4 40. Rf3
Re2+ 41. Kf1 Re1+ 42. Kf2 Rxf3+ 43. Kxf3 Rf1+ 44. Ke4 Rf7 45. c5 Re7+ 46. Kd3
Bb2 47. b4 Ba3 48. Kc3 a6 49. Kb3 Bc1 50. a4 Rf7 51. Kc2 Ba3 52. Rd4 a5 53. Ne5
Re7 54. Nd3 Rc7 55. Kb3 axb4 56. Nxb4 Bc1 57. Rd5 Rf7 58. Kc4 Rf3 59. Nd3 Ba3
60. Rd7+ Kf8 61. Rxb7 Ke8 62. Rb3 Rxh3 63. Rxa3 Rh1 64. Ra2 h3 65. Nf2 Rc1+ 66.
Kb5 h2 67. Kc6 Rf1 68. Nh1 Rxh1 69. a5 Rg1 70. Rxh2 Rxg5 71. a6 Rg1 72. a7 Ra1
73. a8=Q+ 1-0

[Event "Chernivtsi Open-2016"]
[Site "Chernivtsi"]
[Date "2016.07.21"]
[Round "5.1"]
[White "Vusatiuk, Vladimir"]
[Black "Bykovskiy, Oleg"]
[Result "0-1"]
[WhiteElo "2383"]
[BlackElo "2324"]
[PlyCount "42"]
[EventDate "2016.07.19"]
[EventType "swiss"]
[EventRounds "9"]
[EventCountry "UKR"]

1. Nf3 Nf6 2. d4 g6 3. Bg5 Bg7 4. Nbd2 d5 5. b4 Ne4 6. Bf4 Nc6 7. e3 Nxb4 8. c4
c5 9. a3 Nxd2 10. Nxd2 Nc6 11. dxc5 e5 12. Bg3 d4 13. Nb3 O-O 14. exd4 Nxd4 15.
Ra2 Qe7 16. Nxd4 exd4+ 17. Be2 Qxc5 18. O-O Bd7 19. Qb3 Bc6 20. Qb4 Qf5 21. c5
Qd5 0-1

[Event "Chernivtsi Open-2016"]
[Site "Chernivtsi"]
[Date "2016.07.21"]
[Round "5.2"]
[White "Ostakhnovich, Vladislav"]
[Black "Yarmysty, Mikhail"]
[Result "0-1"]
[WhiteElo "1971"]
[BlackElo "2303"]
[PlyCount "38"]
[EventDate "2016.07.19"]
[EventType "swiss"]
[EventRounds "9"]
[EventCountry "UKR"]

1. d4 d5 2. c4 dxc4 3. Qa4+ Nc6 4. Nf3 Nf6 5. e3 a6 6. Ne5 Bd7 7. Nxd7 Nxd7 8.
Qxc4 e5 9. dxe5 Ndxe5 10. Qe4 Qd7 11. a3 O-O-O 12. Be2 f5 13. Qc2 f4 14. O-O f3
15. gxf3 Qh3 16. f4 Rd6 17. Qe4 Rg6+ 18. Kh1 Ng4 19. Qf5+ Kb8 0-1

[Event "Chernivtsi Open-2016"]
[Site "Chernivtsi"]
[Date "2016.07.21"]
[Round "5.3"]
[White "Huda, Maryana"]
[Black "Kyrychenko, Mykola"]
[Result "1/2-1/2"]
[WhiteElo "2168"]
[BlackElo "2040"]
[PlyCount "59"]
[EventDate "2016.07.19"]
[EventType "swiss"]
[EventRounds "9"]
[EventCountry "UKR"]

1. e4 c5 2. Nf3 d6 3. d4 cxd4 4. Nxd4 Nf6 5. Nc3 g6 6. Be2 Bg7 7. O-O O-O 8.
Bg5 Nc6 9. Nb3 a6 10. f4 Be6 11. Rb1 Rc8 12. Bf3 b5 13. Nd5 Bxd5 14. exd5 Qb6+
15. Kh1 Na5 16. Nxa5 Qxa5 17. a3 Qa4 18. c3 Qxd1 19. Rbxd1 Rc7 20. Bh4 Rb8 21.
f5 a5 22. fxg6 hxg6 23. Rd4 Nd7 24. Re4 Bf6 25. Bxf6 Nxf6 26. Rf4 b4 27. axb4
axb4 28. c4 Nd7 29. b3 Nc5 30. Bd1 1/2-1/2

[Event "Chernivtsi Open-2016"]
[Site "Chernivtsi"]
[Date "2016.07.21"]
[Round "5.5"]
[White "Bufin, Gleb"]
[Black "Vinogradnik, Vladimir"]
[Result "1-0"]
[WhiteElo "2044"]
[BlackElo "2153"]
[PlyCount "107"]
[EventDate "2016.07.19"]
[EventType "swiss"]
[EventRounds "9"]
[EventCountry "UKR"]

1. e4 e5 2. Nf3 Nc6 3. Bb5 Bc5 4. O-O Nd4 5. Nxd4 Bxd4 6. c3 Bb6 7. a4 c6 8.
Be2 Nf6 9. d3 h6 10. Nd2 O-O 11. b4 a5 12. Bb2 d5 13. Qc2 Bg4 14. Bf3 Re8 15.
h3 Bxf3 16. Nxf3 Nh5 17. Bc1 Qf6 18. Kh1 Rad8 19. Qe2 Nf4 20. Bxf4 Qxf4 21. g3
Qf6 22. Kg2 Qd6 23. Rfb1 Rd7 24. Ra2 axb4 25. cxb4 Bd4 26. a5 Ra8 27. Nxd4 exd4
28. e5 Qe6 29. Re1 Ra6 30. Qb2 b6 31. Qxd4 bxa5 32. Rxa5 Rxa5 33. bxa5 Qe7 34.
Rc1 Ra7 35. Qb6 Qd7 36. a6 Rc7 37. Ra1 Ra7 38. d4 Kh7 39. Qb1+ g6 40. Qb8 Kg7
41. g4 g5 42. Kg3 Kh7 43. Qb6 Kg7 44. Rc1 Rc7 45. Kg2 Kg8 46. Ra1 Ra7 47. Ra3
Kg7 48. Rf3 Qc7 49. Rb3 c5 50. Qxc7 Rxc7 51. Rb7 Rc6 52. a7 Ra6 53. dxc5 d4 54.
Kf3 1-0

[Event "Chernivtsi Open-2016"]
[Site "Chernivtsi"]
[Date "2016.07.21"]
[Round "5.6"]
[White "Roenko, Artur"]
[Black "Medvedyk, Volodymyr"]
[Result "1-0"]
[WhiteElo "2123"]
[BlackElo "1944"]
[PlyCount "81"]
[EventDate "2016.07.19"]
[EventType "swiss"]
[EventRounds "9"]
[EventCountry "UKR"]

1. e4 c5 2. Nf3 d6 3. d4 cxd4 4. Nxd4 Nf6 5. Nc3 a6 6. a4 e5 7. Nf3 Be7 8. Bc4
Bg4 9. h3 Bh5 10. g4 Bg6 11. Qe2 Nc6 12. h4 h5 13. g5 Ng4 14. Nd5 Rc8 15. c3 f6
16. Ng1 fxg5 17. Nxe7 Nxe7 18. Be6 gxh4 19. Bxc8 Nxc8 20. f3 Nf6 21. Bg5 O-O
22. Bxh4 d5 23. Rd1 Qa5 24. Bxf6 gxf6 25. Rxd5 Qxa4 26. Rh2 Bf7 27. Rg2+ Kh7
28. Qd1 Qc6 29. Rd8 Qc5 30. Rxf8 Qxf8 31. Qd7 Nd6 32. Ne2 b5 33. Ng3 Kh8 34.
Nf5 Nxf5 35. Qxf5 Qh6 36. Kf2 Qd2+ 37. Kg1 Qe1+ 38. Kh2 Qh4+ 39. Qh3 Qe1 40.
Qc8+ Kh7 41. Qf5+ 1-0

[Event "Chernivtsi Open-2016"]
[Site "Chernivtsi"]
[Date "2016.07.21"]
[Round "5.7"]
[White "Vershigora, Yury"]
[Black "Korduban, Valerij"]
[Result "1-0"]
[WhiteElo "1931"]
[BlackElo "2082"]
[PlyCount "139"]
[EventDate "2016.07.19"]
[EventType "swiss"]
[EventRounds "9"]
[EventCountry "UKR"]

1. Nf3 g6 2. c4 Bg7 3. Nc3 c5 4. d4 cxd4 5. Nxd4 Nc6 6. Nxc6 dxc6 7. Qxd8+ Kxd8
8. Bd2 Kc7 9. h3 f5 10. O-O-O e5 11. g3 Be6 12. e4 Nf6 13. b3 Rhd8 14. Be3
Rxd1+ 15. Kxd1 h5 16. Bd3 h4 17. Rg1 hxg3 18. Rxg3 f4 19. Rxg6 Bh8 20. Bc5 Nd7
21. Ba3 Bf6 22. Bf1 Rh8 23. Be7 Rg8 24. Rxg8 Bxg8 25. Bxf6 Nxf6 26. Be2 Bh7 27.
Bf3 Kd6 28. Kd2 Kc5 29. a3 a5 30. Kd3 b5 31. Nb1 Bg8 32. Nd2 Nd7 33. cxb5 cxb5
34. Bg4 Nf6 35. Bf5 Bf7 36. Kc3 b4+ 37. axb4+ axb4+ 38. Kd3 Ng8 39. Kc2 Ne7 40.
Bd7 Kd6 41. Bb5 Kc5 42. Bc4 Bh5 43. Kd3 Nc6 44. Be6 Nd4 45. Bg4 Be8 46. Bd1
Bb5+ 47. Nc4 f3 48. h4 Bxc4+ 49. bxc4 b3 50. Kc3 b2 51. Kxb2 Kxc4 52. h5 Ne2
53. h6 Nf4 54. h7 Ng6 55. Bxf3 Kd3 56. Kc1 Nh8 57. Kd1 Ng6 58. Ke1 Nh8 59. Kf1
Kd4 60. Kg2 Kc5 61. Kg3 Kd6 62. Bh5 Ke6 63. Kg4 Kf6 64. f3 Kg7 65. Kf5 Kxh7 66.
Kxe5 Kh6 67. Be8 Kg7 68. f4 Kf8 69. Bh5 Ke7 70. f5 1-0

[Event "Chernivtsi Open-2016"]
[Site "Chernivtsi"]
[Date "2016.07.21"]
[Round "5.8"]
[White "Mikhailiuk, Denis"]
[Black "Polulikh, Bogdan"]
[Result "1/2-1/2"]
[WhiteElo "1850"]
[BlackElo "2188"]
[PlyCount "106"]
[EventDate "2016.07.19"]
[EventType "swiss"]
[EventRounds "9"]
[EventCountry "UKR"]

1. Nf3 d5 2. g3 Nf6 3. Bg2 c6 4. O-O Bg4 5. c4 e6 6. d3 Nbd7 7. cxd5 exd5 8.
Qc2 Bd6 9. Nc3 O-O 10. e4 dxe4 11. dxe4 Qc7 12. h3 Bh5 13. Be3 Rfe8 14. Rae1
Bb4 15. Bf4 Qa5 16. Nd2 Bxc3 17. bxc3 Qa6 18. e5 Nd5 19. Ne4 Bg6 20. Qd2 Bxe4
21. Bxe4 Nc5 22. Bxd5 cxd5 23. Qxd5 Nd3 24. Rb1 Nxf4 25. gxf4 Qh6 26. Qf3 b6
27. Rbd1 Qg6+ 28. Kh2 Qc2 29. Qg3 Rac8 30. Rc1 Qf5 31. Rg1 g6 32. c4 Red8 33.
Qg4 Qxg4 34. hxg4 Rd4 35. Kg3 Rcxc4 36. Rxc4 Rxc4 37. Rd1 Kf8 38. f5 gxf5 39.
gxf5 Ra4 40. f6 Ke8 41. Rd2 h5 42. f4 h4+ 43. Kg4 a5 44. Rh2 b5 45. Rb2 h3 46.
Kxh3 Rxf4 47. Rxb5 a4 48. Kg3 Rf1 49. Ra5 Kd7 50. Rxa4 Ke6 51. Ra7 Kxe5 52.
Rxf7 Rxf6 53. Rxf6 Kxf6 1/2-1/2

[Event "Chernivtsi Open-2016"]
[Site "Chernivtsi"]
[Date "2016.07.21"]
[Round "5.9"]
[White "Boyechko, Oleg"]
[Black "Lukiyanchuk, Vladislav"]
[Result "0-1"]
[WhiteElo "1996"]
[BlackElo "2003"]
[PlyCount "62"]
[EventDate "2016.07.19"]
[EventType "swiss"]
[EventRounds "9"]
[EventCountry "UKR"]

1. e4 c5 2. Nf3 d6 3. d4 cxd4 4. Nxd4 Nf6 5. Nc3 a6 6. Bg5 Nbd7 7. Bc4 e6 8.
Bb3 b5 9. f3 Bb7 10. O-O Rc8 11. Kh1 Nb6 12. a4 b4 13. Na2 d5 14. a5 Nbd7 15.
exd5 e5 16. f4 e4 17. Re1 h6 18. Bh4 g5 19. Bg3 Nc5 20. c4 Bd6 21. Rf1 Nd3 22.
fxg5 hxg5 23. Ba4+ Kf8 24. Bxd6+ Qxd6 25. h3 Rxc4 26. Ne6+ Ke7 27. Bb3 Qg3 28.
Bxc4 Ng4 29. Qxg4 Qxg4 30. Nd4 Nf4 31. Rf2 Nxh3 0-1

[Event "Chernivtsi Open-2016"]
[Site "Chernivtsi"]
[Date "2016.07.22"]
[Round "6.1"]
[White "Bykovskiy, Oleg"]
[Black "Yarmysty, Mikhail"]
[Result "0-1"]
[WhiteElo "2324"]
[BlackElo "2303"]
[PlyCount "82"]
[EventDate "2016.07.19"]
[EventType "swiss"]
[EventRounds "9"]
[EventCountry "UKR"]

1. e4 Nf6 2. e5 Nd5 3. c4 Nb6 4. c5 Nd5 5. Bc4 e6 6. Nc3 Nxc3 7. dxc3 Nc6 8. f4
Nxe5 9. Be2 Nc6 10. Be3 b6 11. Bf3 Bb7 12. b4 bxc5 13. bxc5 Be7 14. Rb1 Rb8 15.
Ne2 O-O 16. O-O Na5 17. Bxb7 Rxb7 18. Qa4 Rxb1 19. Rxb1 Nc6 20. Rd1 Qc8 21. Qb5
Bf6 22. g4 a6 23. Qd3 d6 24. Qe4 d5 25. Qf3 g6 26. c4 Ne7 27. f5 gxf5 28. cxd5
Bg7 29. d6 cxd6 30. cxd6 fxg4 31. Qxg4 f5 32. Qa4 Nd5 33. Bd4 Rf7 34. Rc1 Qd8
35. Bc5 Be5 36. Ba3 Rg7+ 37. Kh1 h6 38. d7 Qxd7 39. Qxa6 Nc7 40. Qc4 Qd2 41.
Rf1 Qa5 0-1

[Event "Chernivtsi Open-2016"]
[Site "Chernivtsi"]
[Date "2016.07.22"]
[Round "6.2"]
[White "Bufin, Gleb"]
[Black "Sukhov, Andrey"]
[Result "0-1"]
[WhiteElo "2044"]
[BlackElo "2154"]
[PlyCount "148"]
[EventDate "2016.07.19"]
[EventType "swiss"]
[EventRounds "9"]
[EventCountry "UKR"]

1. Nf3 Nf6 2. g3 b6 3. Bg2 Bb7 4. O-O e6 5. d3 Be7 6. e4 d6 7. Nbd2 O-O 8. Ne1
e5 9. f4 exf4 10. gxf4 Qc8 11. Bf3 Qh3 12. Qe2 Nc6 13. c3 Rae8 14. Qg2 Qxg2+
15. Nxg2 Nd7 16. Bg4 Nc5 17. d4 Nd3 18. d5 Nb8 19. Rf3 Nc5 20. Re3 Bf6 21. b3
Re7 22. Bb2 Rfe8 23. Rae1 Ba6 24. Be2 Nxe4 25. Bxa6 Nxd2 26. Rxe7 Rxe7 27. Rxe7
Bxe7 28. Bd3 Nf3+ 29. Kf2 Nh4 30. Ne3 Ng6 31. Kf3 Nd7 32. b4 Nf6 33. c4 Nh5 34.
Bxg6 hxg6 35. b5 Bf6 36. Bxf6 Nxf6 37. Nc2 Nd7 38. h4 Kf8 39. Nb4 Nb8 40. Ke4
Ke7 41. Kd4 Kd7 42. Ke4 Kc8 43. Nc2 a5 44. Nd4 Nd7 45. Ne2 Kd8 46. Ng3 Ke7 47.
Ne2 Nf6+ 48. Kf3 Ng8 49. Nd4 Nh6 50. Ke4 Kf6 51. Nf3 Nf5 52. Kd3 Ng3 53. Nd4
Ke7 54. Nc6+ Kd7 55. Nd4 Ke8 56. Nf3 Kf8 57. Nd4 Nf5 58. Nf3 f6 59. Ke4 Kg8 60.
a4 Kh7 61. Kd3 Kh6 62. Nd2 Kh5 63. Nb3 Kxh4 64. Nxa5 bxa5 65. c5 dxc5 66. Kc4
g5 67. fxg5 fxg5 68. Kxc5 g4 69. Kc6 Ne7+ 70. Kxc7 Nxd5+ 71. Kc6 Nb4+ 72. Kd6
g3 73. b6 g2 74. b7 Na6 0-1

[Event "Chernivtsi Open-2016"]
[Site "Chernivtsi"]
[Date "2016.07.22"]
[Round "6.3"]
[White "Vershigora, Yury"]
[Black "Roenko, Artur"]
[Result "0-1"]
[WhiteElo "1931"]
[BlackElo "2123"]
[PlyCount "142"]
[EventDate "2016.07.19"]
[EventType "swiss"]
[EventRounds "9"]
[EventCountry "UKR"]

1. Nf3 d5 2. d4 c6 3. Bf4 Nf6 4. Nbd2 Bf5 5. c3 h6 6. h3 e6 7. Qb3 Qb6 8. Qxb6
axb6 9. a3 b5 10. Bxb8 Rxb8 11. Ne5 Ra8 12. Rc1 Nd7 13. Nxd7 Kxd7 14. e3 Bd6
15. Be2 f6 16. Nb3 b6 17. Kd2 Bg6 18. Bd3 Be8 19. h4 h5 20. Rh3 Ke7 21. Na1 Bd7
22. Rhh1 c5 23. Nc2 Ra4 24. Ne1 b4 25. axb4 cxb4 26. c4 b3 27. cxd5 exd5 28.
Bb1 Bb4+ 29. Ke2 Bb5+ 30. Nd3 Kd6 31. Rhd1 Bc4 32. Kf3 Ba5 33. Nf4 g5 34. hxg5
fxg5 35. Ng6 Rg8 36. Rh1 Ra1 37. Ne5 Rf8+ 38. Kg3 h4+ 39. Kg4 Rxf2 40. Kxg5
Rxb2 41. Bf5 Rxg2+ 42. Kxh4 Rxc1 43. Rxc1 Bd2 44. Nxc4+ dxc4 45. Rxc4 b2 46.
Be4 Ba5 47. Rc6+ Kd7 48. Rg6 Rh2+ 49. Kg5 Rh1 50. Rg7+ Kd8 51. Kf5 b1=Q 52.
Bxb1 Rxb1 53. d5 Bc3 54. Rb7 Rf1+ 55. Ke4 Rf6 56. Kd3 Be5 57. Rh7 Kc8 58. Rh5
Bd6 59. e4 Bc5 60. e5 Rf7 61. Kc4 Rg7 62. Kb5 Kd7 63. Rf5 Re7 64. Kc4 Rh7 65.
Kb5 Bd4 66. Rg5 Re7 67. d6 Rh7 68. Kc4 Be3 69. Kd5 Bxg5 70. Kc4 Be3 71. Kb5 Rh4
0-1

[Event "Chernivtsi Open-2016"]
[Site "Chernivtsi"]
[Date "2016.07.22"]
[Round "6.4"]
[White "Lukiyanchuk, Vladislav"]
[Black "Vusatiuk, Vladimir"]
[Result "0-1"]
[WhiteElo "2003"]
[BlackElo "2383"]
[PlyCount "63"]
[EventDate "2016.07.19"]
[EventType "swiss"]
[EventRounds "9"]
[EventCountry "UKR"]

1. b3 e5 2. Bb2 Nc6 3. c4 Nf6 4. Nc3 d5 5. cxd5 Nxd5 6. g3 Be6 7. Nf3 f6 8. Rc1
Qd7 9. a3 O-O-O 10. b4 g5 11. Qa4 Nb6 12. Qc2 g4 13. Nh4 Nd4 14. Qd3 Nc4 15.
Rb1 Nd6 16. Rd1 Bc4 17. Qb1 Bb3 18. Rc1 N6f5 19. Nb5 Bh6 20. Nxd4 Nxd4 21. e3
Bd5 22. Rg1 Nf3+ 23. Nxf3 Bxf3 24. Bc3 f5 25. Qc2 Rhe8 26. b5 Bf8 27. a4 Ba3
28. Ra1 Bc5 29. a5 b6 30. axb6 cxb6 31. Qa2 Kb8 32. Qc4 0-1

[Event "Chernivtsi Open-2016"]
[Site "Chernivtsi"]
[Date "2016.07.22"]
[Round "6.5"]
[White "Huda, Maryana"]
[Black "Ostakhnovich, Vladislav"]
[Result "1/2-1/2"]
[WhiteElo "2168"]
[BlackElo "1971"]
[PlyCount "56"]
[EventDate "2016.07.19"]
[EventType "swiss"]
[EventRounds "9"]
[EventCountry "UKR"]

1. g3 d5 2. Nf3 Nf6 3. Bg2 e6 4. d4 Be7 5. c4 O-O 6. O-O c6 7. Qc2 b6 8. Nbd2
Nbd7 9. e4 Nxe4 10. Nxe4 dxe4 11. Qxe4 Bb7 12. Bf4 Re8 13. Rfd1 Rc8 14. Rd3 Ba8
15. Rad1 Nf8 16. h4 Ng6 17. Bc1 h6 18. h5 Nf8 19. Ne5 Nd7 20. Qg4 Kf8 21. f4
Nxe5 22. fxe5 Bg5 23. Bf4 Qe7 24. d5 cxd5 25. cxd5 Bxd5 26. Bxd5 exd5 27. Rxd5
Bxf4 28. gxf4 Rcd8 1/2-1/2

[Event "Chernivtsi Open-2016"]
[Site "Chernivtsi"]
[Date "2016.07.22"]
[Round "6.6"]
[White "Kyrychenko, Mykola"]
[Black "Thomre, Abhishek"]
[Result "1-0"]
[WhiteElo "2040"]
[BlackElo "1549"]
[PlyCount "99"]
[EventDate "2016.07.19"]
[EventType "swiss"]
[EventRounds "9"]
[EventCountry "UKR"]

1. Nf3 c5 2. e3 Nc6 3. b3 e6 4. Bb2 Nf6 5. d4 d5 6. Be2 Be7 7. O-O Bd7 8. Nbd2
cxd4 9. exd4 Rc8 10. Ne5 Nxe5 11. dxe5 Ne4 12. Nxe4 dxe4 13. c4 Bc6 14. Qxd8+
Rxd8 15. Rfd1 O-O 16. Kf1 f5 17. exf6 Bxf6 18. Bxf6 gxf6 19. f3 exf3 20. Bxf3
Bxf3 21. gxf3 Kf7 22. Ke2 Ke7 23. Rxd8 Rxd8 24. Rg1 Kf7 25. f4 a5 26. Rd1 Rxd1
27. Kxd1 Ke7 28. Kd2 Kd6 29. h4 Kc5 30. Kc3 b5 31. cxb5 Kxb5 32. a3 Kc5 33. h5
h6 34. Kd3 Kd5 35. Ke3 e5 36. fxe5 fxe5 37. Kd3 e4+ 38. Ke3 Ke5 39. b4 axb4 40.
axb4 Kf5 41. b5 Kg5 42. b6 Kxh5 43. b7 Kh4 44. b8=Q h5 45. Qf4+ Kh3 46. Qf2 Kg4
47. Qh2 h4 48. Kxe4 Kh5 49. Kf5 Kh6 50. Kf6 1-0

[Event "Chernivtsi Open-2016"]
[Site "Chernivtsi"]
[Date "2016.07.22"]
[Round "6.7"]
[White "Polulikh, Bogdan"]
[Black "Mintenko, Heorhiy"]
[Result "1-0"]
[WhiteElo "2188"]
[BlackElo "1924"]
[PlyCount "99"]
[EventDate "2016.07.19"]
[EventType "swiss"]
[EventRounds "9"]
[EventCountry "UKR"]

1. d4 d5 2. c4 c6 3. Nf3 Nf6 4. Nc3 dxc4 5. a4 Bf5 6. Ne5 Nbd7 7. Nxc4 Qc7 8.
g3 e5 9. dxe5 Nxe5 10. Bf4 Nfd7 11. Bg2 g5 12. Bxe5 Nxe5 13. Qd4 f6 14. Nxe5
fxe5 15. Qc4 O-O-O 16. O-O Rd4 17. Qa2 Bb4 18. Rac1 Bxc3 19. Rxc3 Rhd8 20. Qa3
Qa5 21. Qe7 Rd1 22. Qxg5 Rxf1+ 23. Bxf1 Be6 24. Qe7 Bf5 25. h4 Qxa4 26. Qxe5
Rd5 27. Qe8+ Kc7 28. Qf7+ Kb6 29. e4 Bg6 30. Qe7 Rd1 31. Qc5+ Kc7 32. Qe7+ Kb6
33. Qc5+ Kc7 34. Ra3 Qxe4 35. Re3 Qb1 36. Qe7+ Rd7 37. Qe5+ Kc8 38. Re1 Qf5 39.
Qxf5 Bxf5 40. Re5 Bg4 41. f3 Bxf3 42. Bh3 Kc7 43. Bxd7 Kxd7 44. Rf5 Bd5 45. Rg5
Kd6 46. Rg7 c5 47. Rxh7 a5 48. h5 a4 49. h6 c4 50. Rxb7 1-0

[Event "Chernivtsi Open-2016"]
[Site "Chernivtsi"]
[Date "2016.07.22"]
[Round "6.8"]
[White "Vinogradnik, Vladimir"]
[Black "Mitsyk, Yuriy"]
[Result "1-0"]
[WhiteElo "2153"]
[BlackElo "1896"]
[PlyCount "39"]
[EventDate "2016.07.19"]
[EventType "swiss"]
[EventRounds "9"]
[EventCountry "UKR"]

1. e4 c5 2. c3 d5 3. exd5 Qxd5 4. Nf3 Nf6 5. d4 Bg4 6. Be2 e6 7. O-O Nc6 8. h3
Bh5 9. Re1 cxd4 10. cxd4 Bb4 11. Nc3 Qd6 12. a3 Bxc3 13. bxc3 O-O 14. a4 Rfd8
15. Bg5 Ne4 16. Bxd8 Nxc3 17. Qd2 Nxe2+ 18. Qxe2 Nxd4 19. Qe5 Nxf3+ 20. gxf3
1-0

[Event "Chernivtsi Open-2016"]
[Site "Chernivtsi"]
[Date "2016.07.22"]
[Round "6.9"]
[White "Korduban, Valerij"]
[Black "Lukyanov, Mikhail"]
[Result "1-0"]
[WhiteElo "2082"]
[BlackElo "1859"]
[PlyCount "103"]
[EventDate "2016.07.19"]
[EventType "swiss"]
[EventRounds "9"]
[EventCountry "UKR"]

1. b3 d5 2. Bb2 Bg4 3. Nf3 Nd7 4. e3 e5 5. Be2 e4 6. Nd4 Bxe2 7. Qxe2 Qg5 8.
O-O Bd6 9. f4 exf3 10. Nxf3 Qg6 11. Qb5 O-O-O 12. Qxd5 Qxc2 13. Bxg7 Ne7 14.
Qxf7 Rhg8 15. Nd4 Qe4 16. Qe6 Qh4 17. Nf3 Bxh2+ 18. Nxh2 Rxg7 19. Nc3 Rg6 20.
Qe4 Qg5 21. Rf2 Nc5 22. Qc4 Nd3 23. Nf3 Qg3 24. Qh4 Nxf2 25. Qxg3 Rxg3 26. Kxf2
Rdg8 27. Rg1 Nf5 28. e4 Nd6 29. e5 Nf5 30. Ne4 R3g7 31. Nf6 Rf8 32. g4 Ne7 33.
Rh1 Nc6 34. d4 Nd8 35. Rxh7 Rg6 36. Ke3 Nf7 37. Nh4 Rh6 38. Rxh6 Nxh6 39. g5
Ng8 40. Ng6 Rf7 41. Nxg8 Rg7 42. Kf4 Kd7 43. Nf6+ Ke6 44. d5+ Kf7 45. Kf5 Rxg6
46. e6+ Kg7 47. e7 Rxf6+ 48. gxf6+ Kf7 49. Ke5 a5 50. d6 cxd6+ 51. Kxd6 b5 52.
Kd7 1-0

[Event "Chernivtsi Open-2016"]
[Site "Chernivtsi"]
[Date "2016.07.22"]
[Round "7.1"]
[White "Yarmysty, Mikhail"]
[Black "Sukhov, Andrey"]
[Result "1/2-1/2"]
[WhiteElo "2303"]
[BlackElo "2154"]
[PlyCount "76"]
[EventDate "2016.07.19"]
[EventType "swiss"]
[EventRounds "9"]
[EventCountry "UKR"]

1. e4 c5 2. Nf3 d6 3. Bb5+ Bd7 4. Bxd7+ Qxd7 5. O-O Nc6 6. c3 Nf6 7. d4 e5 8.
d5 Ne7 9. Re1 Ng6 10. b4 b6 11. a4 Be7 12. Na3 O-O 13. Nc4 cxb4 14. cxb4 Rac8
15. Qb3 Rc7 16. Bd2 Rfc8 17. Na3 h6 18. Qd3 Nh5 19. Qb5 Qd8 20. Rac1 Rxc1 21.
Rxc1 Rxc1+ 22. Bxc1 Qc8 23. Qc4 Qd7 24. b5 Ngf4 25. Bxf4 Nxf4 26. h3 Bd8 27.
Nb1 Kf8 28. Nc3 Qc7 29. Qc6 Nd3 30. Nd2 Nc5 31. Nc4 Ke7 32. g3 Qd7 33. Kg2 g6
34. Ne3 h5 35. Nc2 f5 36. f3 fxe4 37. fxe4 Nd3 38. Qxd7+ Kxd7 1/2-1/2

[Event "Chernivtsi Open-2016"]
[Site "Chernivtsi"]
[Date "2016.07.22"]
[Round "7.2"]
[White "Kyrychenko, Mykola"]
[Black "Bykovskiy, Oleg"]
[Result "1/2-1/2"]
[WhiteElo "2040"]
[BlackElo "2324"]
[PlyCount "51"]
[EventDate "2016.07.19"]
[EventType "swiss"]
[EventRounds "9"]
[EventCountry "UKR"]

1. Nf3 Nf6 2. d4 g6 3. Bf4 Bg7 4. e3 c5 5. c3 d5 6. Be2 O-O 7. h3 Nc6 8. Nbd2
c4 9. Ne5 Qb6 10. b3 cxb3 11. Qxb3 Qxb3 12. axb3 Nd7 13. Nxc6 bxc6 14. O-O e5
15. dxe5 Nxe5 16. Nf3 Nxf3+ 17. Bxf3 Be6 18. Rfc1 Rfc8 19. Ra6 h6 20. c4 g5 21.
Bg3 Kh8 22. cxd5 cxd5 23. Rxc8+ Rxc8 24. Rxa7 d4 25. exd4 Bxd4 26. Ra8 1/2-1/2